Ancient Cities by Modern Location - Statistics

General Stats
  • This quiz has been taken 32 times
  • The average score is 18 of 30
Answer Stats
Hint Answer % Correct
Athens Greece
90%
Rome Italy
90%
Naples Italy
90%
Alexandria Egypt
86%
Thessalonica Greece
86%
Jerusalem Israel
86%
Rhodes Greece
83%
Knossos Greece
83%
Babylon Iraq
83%
Memphis Egypt
79%
Carthage Tunisia
79%
Byzantium Türkiye
79%
Sparta Greece
76%
Marsilla France
72%
Corinth Greece
66%
Syracuse Italy
66%
Ephesus Türkiye
66%
Tyre Lebanon
62%
Smyrna Türkiye
59%
Persepolis Iran
55%
Sidon Lebanon
48%
Byblos Lebanon
34%
Cyrene Libya
31%
Sinope Türkiye
31%
Bactra Afghanistan
28%
Hippo Algeria
28%
Pella Greece
24%
Leptis Libya
24%
Saguntum Spain
14%
Taras Italy
7%
No matching quizzes found
Score Distribution
Percent of People with Each Score
Percentile by Number Answered
Your Score History
You have not taken this quiz